Internet /

Gorde:
Xehetasun bibliografikoak
Egile nagusia: Solís Manjarrez, Leopoldo (autor)
Formatua: Liburua
Hizkuntza:gaztelania
Argitaratua: México : El Colegio Nacional, 2001, c2001
Gaiak:
Etiketak: Etiketa erantsi
Etiketarik gabe, Izan zaitez lehena erregistro honi etiketa jartzen!

MARC

LEADER 00000nam^a2200000^a^4500
001 000137453
005 20250521000000.0
009 20260310095354.269
020 |a 970-640-178-4 
037 |a Acervo ITESO - Biblioteca 
041 |a ESP 
082 |a 302. 23701  |b SOL 
100 |a Solís Manjarrez, Leopoldo  |e (autor) 
245 1 0 |a Internet /  |c L. Solís Manjarrez. 
264 4 |a México :  |b El Colegio Nacional,  |c 2001, c2001 
300 |a 71 p. 
336 |a texto  |b txt  |2 rdacontenido 
337 |a sin mediación  |b n  |2 rdamedio 
338 |a volumen  |b nc  |2 rdasoporte 
649 |a XX 
650 |a Internet -  |x Historia 
650 |a Correo Electrónico 
650 |a Tecnologías de Comunicación e Información 
650 |a Medios de Comunicación 
650 |a Comunicación Masiva 
650 |a Redes de Computadoras 
650 |a Comunicación en Red 
650 |a Páginas en Línea 
650 |a Ingeniería Computacional 
650 |a Tecnología 
910 |a Fondo General 
920 |a Impresos - Libros 
930 |a Colección General 
905 |a 101 
901 |a 0500066473  |b IT1  |c ACC  |u 20250521 
902 |a https://opac.biblio.iteso.mx/vufind/Record/000137453